=LDR 00000nam 2200000 4500 =001 INLIS000000000033729 =005 20130612135652 =008 ***********************************ind** =035 ##$$0010-061300000033729 =041 ##$$a ind =082 ##$$a 346.03 =090 ##$$a 346.03, Sup h =100 ##$$a Suparman, Eman, Dr,Sh,Mh =245 ##$$a Hukum perselisihan, Konflik kompetensi =260 ##$$a 2005 $b Bandung =300 ##$$a xvi,205 hlm, 24 cm =650 ##$$a Hukum Perselidihan =700 ##$$a Gunarsa, Aep =850 ##$$a NBPNMAT =990 ##$$a 0001/BPAP-NTB/20142014 =990 ##$$a 0001/BPAP-NTB/2015 =990 ##$$a 10911091 =990 ##$$a 21004869 =990 ##$$a 0001/BPAP-NTB/20142014 =990 ##$$a 0001/BPAP-NTB/2015 =990 ##$$a 11501150 =990 ##$$a 1202401150 =990 ##$$a 0001/BPAP-NTB/20142014 =990 ##$$a 0001/BPAP-NTB/2015 =990 ##$$a 21004869